Flores doctorum pene omnium, tam graecorum, quam latinorum, qui tum in theologia, tum in philosophia hactenus claruerunt /

Hlavní autor: Thomas of Ireland, asi 1265-asi 1329
Jazyk: Latina
Vydáno: Viennae : apud Joan. Paul. Krauss, 1752
Témata:
Externí odkaz: Digitalizovaný dokument (Exemplář z Bavorské národní knihovny)
Fyzický popis: 6 nečíslovaných stran, 816 stran, 8 nečíslovaných stran, 1 nečíslovaná obrazová příloha ; 4°
Knihy
Uloženo v:
LEADER 02581nam a2200529 i 4500
001 mzk03001274052
003 CZ BrMZK
005 20200812114603.0
007 ta
008 200812s1752 au f fr|||||00| ||latod
040 |a BOA001  |b cze  |e rda 
072 7 |a 2-1  |x Přirozená teologie. Náboženská filozofie  |2 Konspekt  |9 5 
072 7 |a 094  |x Staré tisky  |2 Konspekt  |9 12 
080 |a 2-1  |2 MRF 
080 |a 025.171  |2 MRF 
080 |a (0.068)094  |2 MRF 
100 0 |a Thomas of Ireland,  |d asi 1265-asi 1329  |7 mzk2003199146  |4 aut 
245 1 0 |a Flores doctorum pene omnium, tam graecorum, quam latinorum, qui tum in theologia, tum in philosophia hactenus claruerunt /  |c per Thomam Hybernicum, olim summa cum diligentia collecti, ac ordine alphabetico digesti 
246 3 3 |a FLORES DOCTORUM 
264 1 |a Viennae :  |b apud Joan. Paul. Krauss,  |c 1752 
300 |a 6 nečíslovaných stran, 816 stran, 8 nečíslovaných stran, 1 nečíslovaná obrazová příloha ;  |c 4° 
336 |a text  |b txt  |2 rdacontent 
337 |a bez média  |b n  |2 rdamedia 
338 |a svazek  |b nc  |2 rdacarrier 
500 |a Výzdoba: Mědirytinový frontispis (Dobrý pastýř), titulní list tištěn červeně a černě, nad impresem ozdobná linka, vlysy, viněty, typografické ozdůbky, klišé 
500 |a Rozsah: [6], 816, [8] s., [1] obr. příl. 
500 |a Titulní list tištěn majuskulou 
561 |a Provenience: [m.p.] Pro usu F. Chiliani Gretzel O. S. B. 
561 |a Provenience: [m.p.] Monasterii Braunensis O.S.B. 
561 |a Provenience: [razítko] S.A.B. BRAUNAU 
561 |a Provenience: [razítko] Státní vědecká knihovna Hradec Králové 4402 
563 |a Usňová vazba, lepenkové desky potažené hovězinou, na hřbetu nápisový štítek se slepotiskovým názvem, mezi vazy slepodiskový dekor, ořízka natřená červenou barvou 
650 7 |a teologie  |7 ph116425  |2 czenas 
650 7 |a historické knihovní fondy  |7 ph172933  |2 czenas 
655 7 |a staré tisky  |7 fd422076  |2 czenas 
856 4 2 |u https://reader.digitale-sammlungen.de/de/fs1/object/display/bsb10744231_00001.html  |y Digitalizovaný dokument  |z Exemplář z Bavorské národní knihovny 
903 |a RP 
910 |a NAG950  |b B - II. G. aa. 33,1 
978 |b Krauss, Johann Paul  |a Wien  |c 1752 
981 1 |a Gretzel, Chilianus,  |c OSB  |d 1737-1806 
982 0 |a Broumov - benediktinský klášter 
982 0 |a Hradec Králové - SVK 
984 |a Vídeň  |b Rakousko 
985 |a 1751-1800 
990 |a BK 
991 |k broumov 
980 |c 004637  |g B - II. G. aa. 33,1  |1 458950004637  |p II. G. α. 16